Statistiques concernant Pokémon - Les équipes du PWT (type expert)

Cliquez ici pour prendre le quiz!

Statistiques générales

  • Ce quiz a été pris 366 fois
  • Le résultat moyen est 220 sur 282

Statistiques - réponses

HintRéponse% Correct
Charles (type acier)Bastiodon
96%
Kicklee
96%
Léviator
96%
Lucario
96%
Mackogneur
96%
Ondine (type eau)Staross
96%
Jasmine (type acier)Steelix
96%
Dracolosse
94%
Drattak
94%
Elekable
94%
Magnézone
94%
Magnezone
94%
Pingoléon
94%
Tygnon
94%
Morgane (type psy)Alakazam
91%
Voltère (type électrique)Elecsprint
91%
Bastien (type combat)Hariyama
91%
Juan (type eau) | Sandra (type dragon)Hyporoi
91%
Kapoera
91%
Norman (type normal)Monaflemit
91%
Major bob (type électrique)Raichu
91%
Chuck (type combat)Tartard
91%
Tortank
91%
Auguste (type feu)Arcanin
89%
Charmina
89%
Dracaufeu
89%
Florizarre
89%
Libégon
89%
Roigada
89%
Simiabraz
89%
Roxanne (type roche)Tarinorme
89%
Torterra
89%
Inezia (type électrique)Zeblitz
89%
Altaria
87%
Braségali
87%
Camérupt
87%
Hector (type insecte)Cizayox
87%
Blanche (type normal)Ecremeuh
87%
Mortimer (type spectre)Ectoplasma
87%
Emolga
87%
Kabutops
87%
Maganon
87%
Ptéra
87%
Erika (type plante)Rafflesia
87%
Albert (type vol)Roucarnage
87%
Watson (type dragon)Tranchodon
87%
Blizzaroi
85%
Carchacrok
85%
Pierrick (type roche)Charkos
85%
Adriane (type feu)Chartor
85%
Electrode
85%
Noa (type eau)Flotoutan
85%
Kaimorse
85%
Artie (type insecte)Manternel
85%
Métalosse
85%
Minotaupe
85%
Pyroli
85%
Roitiflam
85%
Tatia (type psy)Seleroc
85%
Smogogo
85%
Lévy (type psy)Solaroc
85%
Trioxhydre
85%
Voltali
85%
Bétochef
83%
Clamiral
83%
Dimoret
83%
Rachid (type plante)Feuiloutan
83%
Feunard
83%
Armando (type feu)Flamoutan
83%
Givrali
83%
Grolem
83%
Lokhlass
83%
Luxray
83%
Majaspic
83%
Tcheren (type normal)Mastouffe
83%
Gladys (type glace)Momartik
83%
Lovis (type eau)Mustéflott
83%
Airmure
81%
Bouldeneu
81%
Zhu (type glace)Hexagel
81%
Maraiste
81%
Mégapagos
81%
Mentali
81%
Moyade
81%
Nidoking
81%
Nidoqueen
81%
Pierre (type roche)Onix
81%
Scarhino
81%
Tauros
81%
Vacilys
81%
Jeannine (type poison)Aéromite
79%
Branette
79%
Strykna (type poison)Brutapode
79%
Démolosse
79%
Drakkarmin
79%
Etouraptor
79%
Gallame
79%
Héledelle
79%
Lippoutou
79%
Magirêve
79%
Frédo (type glace)Mammochon
79%
Nostenfer
79%
Ohmassacre
79%
Oniglali
79%
Pharamp
79%
Phyllali
79%
Polagriffe
79%
Sorbouboul
79%
Tentacruel
79%
Archéodong
77%
Armaldo
77%
Carolina (type vol)Lakmécygne
77%
Lamantine
77%
Motisma
77%
Flo (type plante)Roserade
77%
Tarpaud
77%
Aéroptéryx
74%
Foretress
74%
Galeking
74%
Leuphorie
74%
Aloé (type normal)Miradar
74%
Noctunoir
74%
Porygon Z
74%
Rhinastoc
74%
Scarabrute
74%
Wailord
74%
Crapustule
72%
Crustabri
72%
Darumacho
72%
Grodrive
72%
Noadkoko
72%
Shaofouine
72%
Frison
70%
Gardevoir
70%
Kaorine
70%
Lanturn
70%
Ludicolo
70%
Symbios
70%
Tropius
70%
Aflamanoir
68%
Apireine
68%
Crocorible
68%
Cryptéro
68%
Gueriaigle
68%
Lugulabre
68%
Biance (autres)Mushana
68%
Relicanth
68%
Scorvol
68%
Coatox
66%
Colhomard
66%
Drascore
66%
Fermite
66%
Sidérella
66%
Vaututrice
66%
Yanmega
66%
Barbicha
64%
Coudlangue
64%
Crabaraque
64%
Limaspeed
64%
Tritosor
64%
Tyranocif
64%
Brouhabam
62%
Kangourex
62%
Pashmilla
62%
Spiritomb
62%
Xatu
62%
Baggaïd
60%
Chapignon
60%
Corboss
60%
Fragilady
60%
Haydaim
60%
Hippodocus
60%
Lockpin
60%
Miasmax
60%
Noacier
60%
Golemastoc
57%
Azumarill
55%
Caratroc
55%
Ursaring
55%
Cotovol
53%
Farfaduvet
51%
Capidextre
49%
Gaulet
47%
Limonde
47%
Morphéo
38%
Lubulabre
23%

Distribution des résultats

Percentile par nombre de réponses

% des personnes avec chaque résultat

Votre développement - résultats

Vous n’avez pas pris ce quiz